Cartas con historia : (Record no. 190971)

MARC details
000 -LEADER
campo de control de longitud fija 01470nam a2200337 i 4500
001 - NÚMERO DE CONTROL
campo de control 190971
003 - IDENTIFICADOR DE NÚMERO DE CONTROL
campo de control ES-MaACL
005 - FECHA Y HORA DE LA ÚLTIMA TRANSACCIÓN
campo de control 20251108164527.0
008 - DATOS DE LONGITUD FIJA--INFORMACIÓN GENERAL
campo de control de longitud fija 220908s2021 dr a 001 0 spa
020 ## - NÚMERO INTERNACIONAL ESTÁNDAR DEL LIBRO
Número Internacional Estándar del Libro 9789945613773
040 ## - FUENTE DE CATALOGACIÓN
Centro/agencia transcriptor ES-MaACL
080 ## - NÚMERO DE LA CLASIFICACIÓN DECIMAL UNIVERSAL
Número de la Clasificación Decimal Universal 821.134.2-6
100 1# - ENTRADA PRINCIPAL--NOMBRE DE PERSONA
Nombre de persona Naranjo Orovio, Consuelo
Término indicativo de función/relación Autor
9 (RLIN) 84927
245 10 - MENCIÓN DEL TÍTULO
Título Cartas con historia :
Resto del título Pedro Henríquez Ureña entre América y España /
Mención de responsabilidad, etc. Consuelo Naranjo Orovio.
250 ## - MENCION DE EDICION
Mención de edición Primera edición, 2021
260 ## - PUBLICACIÓN, DISTRIBUCIÓN, ETC.
Lugar de publicación, distribución, etc. Santo Domingo, República Dominicana :
Nombre del editor, distribuidor, etc. Archivo General de la Nación,
Fecha de publicación, distribución, etc. 2021
300 ## - DESCRIPCIÓN FÍSICA
Extensión 459 páginas :
Otras características físicas ilustraciones (blanco y negro) ;
Dimensiones 26 cm.
490 1# - MENCIÓN DE SERIE
Mención de serie Archivo General de la Nación (República Dominicana) ;
Designación de volumen o secuencia 411
500 ## - NOTA GENERAL
Nota general Índice
504 ## - NOTA DE BIBLIOGRAFÍA, ETC.
Nota de bibliografía, etc. Bibliografía: páginas 445-456
600 14 - PUNTO DE ACCESO ADICIONAL DE MATERIA--NOMBRE DE PERSONA
Nombre de persona Henríquez Ureña, Pedro,
Fechas asociadas al nombre 1884-1946-
Subdivisión de forma Correspondencia
9 (RLIN) 175014
700 ## - ENTRADA AGREGADA--NOMBRE PERSONAL
Nombre de persona Henríquez Ureña, Pedro,
Fechas asociadas al nombre 1884-1946
Término indicativo de función/relación Autor
9 (RLIN) 176516
710 2# - ENTRADA AGREGADA--NOMBRE DE ENTIDAD CORPORATIVA
Nombre de entidad corporativa o nombre de jurisdicción como elemento de entrada Archivo General de la Nación (República Dominicana)
9 (RLIN) 1434
Término indicativo de función/relación Editor
810 2# - PUNTO DE ACCESO ADICIONAL DE SERIE--NOMBRE DE ENTIDAD CORPORATIVA
Nombre de entidad corporativa o nombre de jurisdicción como elemento de entrada Archivo General de la Nación (República Dominicana) ;
Designación de volumen o secuencia 411
9 (RLIN) 1434
852 ## - LOCALIZACIÓN
Ubicación Es-MaACL
Sublocalización o colección R.153144
Ubicación en estantería Depósito J
Donativo/Legado Donación: Consuelo Naranjo Orovio
Número de control de estantería N-8384/Ej.1
itemnumber 200051
Nota libre Duplicado
852 ## - LOCALIZACIÓN
Ubicación ES-MaACL
Sublocalización o colección R.153384
Ubicación en estantería Depósito J
Donativo/Legado Donación: Consuelo Naranjo Orovio
Número de control de estantería N-8030
itemnumber 198160
903 ## - NOMBRE PERSONAL DE DONANTE
a Naranjo Orovio, Consuelo
e Donante
9 84927
942 ## - ELEMENTOS DE ENTRADA SECUNDARIOS (KOHA)
Tipo de ítem Koha Libro impreso
Suprimir en OPAC No
Holdings
Estatus retirado Estado de pérdida Fuente del sistema de clasificación o colocación Estado de daño No para préstamo Biblioteca de origen Biblioteca actual Ubicación en estantería Fecha de adquisición Fuente de adquisición Número de control de estantería Total de préstamos Signatura topográfica completa Código de barras Visto por última vez Tipo de ítem Koha Restricciones de uso
    Clasificación decimal universal     Biblioteca del Ateneo de Madrid Biblioteca del Ateneo de Madrid Depósito J 08/09/2022 Donación Ateneísta   N-8030 101206472 23/02/2023 Libro impreso  
    Clasificación decimal universal     Biblioteca del Ateneo de Madrid Biblioteca del Ateneo de Madrid Depósito J 27/09/2021 Donación Ateneísta   N-8384/Ej.1 1203278 19/05/2023 Libro impreso Duplicado